Osobný spis zamestnanca
Právna úprava osobného spisu zamestnanca v Zákonníku práce. Forma a obsah osobného spisu. Právo nahliadnuť do osobného spisu.
Na minha lista:
| Autor principal: | |
|---|---|
| Formato: | Capítulo de Livro |
| Idioma: | eslovaco |
| Assuntos: | |
| Tags: |
Sem tags, seja o primeiro a adicionar uma tag!
|
MARC
| LEADER | 00000naa a2200000 4500 | ||
|---|---|---|---|
| 001 | 0277588 | ||
| 005 | 20210729091339.7 | ||
| 041 | 0 | |a slo | |
| 044 | |a SK | ||
| 245 | 1 | 0 | |a Osobný spis zamestnanca |c Andrej Poruban |
| 520 | |a Právna úprava osobného spisu zamestnanca v Zákonníku práce. Forma a obsah osobného spisu. Právo nahliadnuť do osobného spisu. | ||
| 610 | 2 | 0 | |a zamestnanci |
| 610 | 2 | 0 | |a zamestnanie |
| 610 | 2 | 0 | |a zamestnávatelia |
| 610 | 2 | 0 | |a vzťahy pracovnoprávne |
| 610 | 2 | 0 | |a údaje osobné |
| 100 | 1 | |a Poruban, Andrej | |